000 00750nam a2200229 i 4500
001 bg
100 1 _aSOBCZYK, Zbigniew Bronisław
245 0 _aMetodyka projektowania jednorodnych procesów budowlanych /
_cZbigniew Bronisław Sobczyk.
260 _aCzęstochowa :
_bWydaw. PC,
_c1993.
300 _a96 s. :
_bwykr. ;
_c24 cm.
490 1 _aMonografie / Politechnika Częstochowska,
_x0860-5017 ;
_vnr 30
504 _aBibliogr. s. 90-94.
710 _aPolitechnika Częstochowska (Częstochowa)
830 0 _aMonografie (Politechnika Częstochowska) ;
_vnr 30
020 _a8385031308
040 _cBPK
041 _apol
080 _a69.008:519.87
920 _a83-85031-30-8
942 _cKS
008 s pl f |000 0 pol
999 _c29964
_d29964
856 _uhttp://koha.tu.koszalin.pl/cgi-bin/koha/opac-detail.pl?biblionumber=29964
_yKatalog online BPK